[Event "ICS rated blitz match"]
[Site "204.178.125.65"]
[Date "2000.12.21"]
[Round "?"]
[White "VYCMATER"]
[Black "Hossa"]
[Result "0-1"]
[WhiteElo "2326"]
[BlackElo "2459"]
[PlyCount "194"]
[EventDate "2000.??.??"]

1. e4 c5 2. c3 d5 3. exd5 Qxd5 4. d4 Nc6 5. Nf3 Nf6 6. dxc5 Qxd1+ 7. Kxd1 Bg4
8. Be3 Nd5 9. Bb5 e6 10. Bd4 O-O-O 11. Bxc6 bxc6 12. Nbd2 f6 13. Kc1 e5 14.
Bxe5 Bxf3 15. Nxf3 fxe5 16. Nxe5 Bxc5 17. Nf7 Bxf2 18. Nxh8 Rxh8 19. Rf1 Re8
20. Kd2 Be3+ 21. Kd3 Nf4+ 22. Kc2 Nxg2 23. Rf7 Rg8 24. Rd1 Bb6 25. Rdd7 Ne1+
26. Kb3 Nf3 27. Rxg7 Rxg7 28. Rxg7 h5 29. h3 h4 30. Kc4 Kb8 31. Kd3 Ng1 32. Rh7
Bf2 33. Rf7 Nxh3 34. Kc4 Kc8 35. b3 a6 36. b4 Kb8 37. a4 Kc8 38. a5 Bg1 39. Rh7
Nf4 40. Rxh4 Nd5 41. Rh7 Kd8 42. Kd3 Bf2 43. Kc4 Be1 44. Rh3 Bd2 45. Rg3 Kc7
46. Kd4 Bf4 47. Rg2 Bh6 48. Rg3 Kd7 49. Rg2 Be3+ 50. Kc4 Ke6 51. Rg6+ Nf6 52.
Rg3 Bf4 53. Rg6 Kf5 54. Rg7 Nd5 55. Ra7 Nc7 56. Rb7 Ke6 57. Kc5 Kd7 58. Kc4 Be5
59. Kd3 Bh2 60. Kc4 Bg3 61. Kd3 Bf2 62. Ke2 Bg1 63. Kf1 Be3 64. Ke2 Bg5 65. Kd3
Kd6 66. Kc4 Nd5 67. Rh7 Bf6 68. Rh3 Ke6 69. Rf3 Be5 70. Rh3 Kf5 71. Rh6 Bf6 72.
Rh3 Kf4 73. Rh4+ Bxh4 74. Kc5 Nxc3 75. Kxc6 Be7 76. Kb6 Bxb4 77. Kxa6 Ke5 78.
Kb6 Kd6 79. a6 Bc5+ 80. Kb7 Nb5 81. a7 Nxa7 82. Ka6 Kc6 83. Ka5 Nb5 84. Ka6
Nc7+ 85. Ka5 Kd5 86. Ka4 Kc4 87. Ka5 Bd4 88. Ka4 Bc3 89. Ka3 Ne6 90. Ka4 Nc5+
91. Ka3 Kd3 92. Ka2 Kc2 93. Ka3 Bd2 94. Ka2 Bc1 95. Ka1 Nd3 96. Ka2 Nb4+ 97.
Ka1 Bb2# {VYCMATER checkmated} 0-1

[Event "ICS rated standard match"]
[Site "204.178.125.65"]
[Date "2000.12.21"]
[Round "?"]
[White "Hossa"]
[Black "scriabin"]
[Result "0-1"]
[WhiteElo "2391"]
[BlackElo "2207"]
[PlyCount "112"]
[EventDate "2000.??.??"]

1. e4 e6 2. d4 d5 3. exd5 exd5 4. Bd3 c5 5. Qe2+ Be7 6. dxc5 Nf6 7. Nf3 O-O 8.
Be3 Re8 9. b4 a5 10. c3 axb4 11. cxb4 Nc6 12. b5 d4 13. bxc6 dxe3 14. cxb7
exf2+ 15. Kf1 Bxb7 16. c6 Bxc6 17. Qc2 Rc8 18. Nc3 Bxf3 19. gxf3 Bb4 20. Rd1
Qa5 21. Qa4 Bxc3 22. Qxa5 Bxa5 23. Kxf2 g6 24. a4 Kg7 25. Rb1 Rb8 26. Bb5 Red8
27. Rb2 Nd5 28. Rd1 Nc3 29. Rxd8 Rxd8 30. Kg2 Nxb5 31. axb5 Rd2+ 32. Rxd2 Bxd2
33. b6 Bf4 34. h4 h5 35. Kf1 f6 36. Ke2 g5 37. Kf2 g4 38. fxg4 hxg4 39. Ke2 f5
40. Kf2 Kh6 41. Ke2 Kh5 42. b7 Kxh4 43. Kd3 Bb8 44. Kd4 g3 45. Kd5 g2 46. Ke6
g1=Q 47. Kd5 Qg3 48. Kc5 Qd6+ 49. Kc4 f4 50. Kc3 Qd5 51. Kc2 Qd4 52. Kb3 f3 53.
Kc2 f2 54. Kb3 f1=Q 55. Ka3 Qfa1+ 56. Kb3 Qab2# {Hossa checkmated} 0-1

[Event "ICS rated standard match"]
[Site "204.178.125.65"]
[Date "2000.12.21"]
[Round "?"]
[White "perucho"]
[Black "Hossa"]
[Result "1/2-1/2"]
[WhiteElo "2431"]
[BlackElo "2367"]
[PlyCount "54"]
[EventDate "2000.??.??"]

1. e4 c5 2. c3 d5 3. exd5 Qxd5 4. d4 Nc6 5. Nf3 Nf6 6. dxc5 Qxd1+ 7. Kxd1 Bg4
8. b4 O-O-O+ 9. Nbd2 Ne4 10. Ke1 Nxc3 11. Bb2 Na4 12. Ba3 g6 13. b5 Bg7 14. Rc1
Bxf3 15. Nxf3 Bc3+ 16. Ke2 Nb4 17. g3 Nxa2 18. Rc2 Nb4 19. Bxb4 Bxb4 20. Bh3+
f5 21. Rhc1 Rd5 22. Rc4 Rxc5 23. Rxc5+ Nxc5 24. Rc4 Ba3 25. Rc3 Bb4 26. Rc4 Ba3
27. Rc3 Bb4 {Game drawn by mutual agreement} 1/2-1/2

[Event "ICS rated standard match"]
[Site "204.178.125.65"]
[Date "2000.12.21"]
[Round "?"]
[White "Hossa"]
[Black "perucho"]
[Result "0-1"]
[WhiteElo "2370"]
[BlackElo "2428"]
[PlyCount "52"]
[EventDate "2000.??.??"]

1. e4 d5 2. exd5 Qxd5 3. d4 e5 4. dxe5 Qxe5+ 5. Be2 Bg4 6. Nc3 Nc6 7. Qd5 Qf5
8. Bxg4 Qxg4 9. Nb5 Rc8 10. h3 Qg6 11. Bf4 Nf6 12. Qf3 Bc5 13. Nxc7+ Rxc7 14.
Bxc7 Nd4 15. Qxb7 Nxc2+ 16. Kd2 Ne4+ 17. Ke2 O-O 18. Nf3 Nxf2 19. Ne5 Nd4+ 20.
Kxf2 Qf5+ 21. Nf3 Nxf3+ 22. Kg3 Qg5+ 23. Kxf3 Qe3+ 24. Kg4 f5+ 25. Kh4 Be7+ 26.
Kh5 Qh6# {Hossa checkmated} 0-1

[Event "ICS rated blitz match"]
[Site "204.178.125.65"]
[Date "2000.12.21"]
[Round "?"]
[White "Hossa"]
[Black "VYCMATER"]
[Result "1-0"]
[WhiteElo "2469"]
[BlackElo "2273"]
[PlyCount "36"]
[EventDate "2000.??.??"]

1. e4 c5 2. Nf3 d6 3. d4 cxd4 4. Nxd4 Nf6 5. Nc3 Nc6 6. Bg5 e6 7. Qd2 Be7 8.
O-O-O O-O 9. f4 a6 10. g4 d5 11. exd5 Nxd5 12. Bxe7 Ndxe7 13. Nxc6 Nxc6 14.
Qxd8 Rxd8 15. Bg2 Bd7 16. Na4 Be8 17. Nc5 Na5 18. Nxb7 Nxb7 {VYCMATER resigns}
1-0

[Event "ICS rated blitz match"]
[Site "204.178.125.65"]
[Date "2000.12.21"]
[Round "?"]
[White "CapaJr"]
[Black "Hossa"]
[Result "0-1"]
[WhiteElo "2250"]
[BlackElo "2467"]
[PlyCount "54"]
[EventDate "2000.??.??"]

1. e4 c5 2. Nf3 d6 3. Bb5+ Bd7 4. Nc3 Nf6 5. d3 Bxb5 6. Nxb5 d5 7. e5 Qa5+ 8.
Nc3 d4 9. Bd2 Nfd7 10. Nd5 Qd8 11. e6 fxe6 12. Nf4 e5 13. Ne6 Qb6 14. Nxf8 Rxf8
15. O-O Na6 16. Qe2 Qxb2 17. Rab1 Qxc2 18. Rfc1 Qxa2 19. Rxb7 Rf5 20. Qe4 Rxf3
21. gxf3 Qxd2 22. Ra1 Qg5+ 23. Kh1 Nf6 24. Qc6+ Kf8 25. Qxa6 Qf5 26. Qc6 Rc8
27. Qe4 Nxe4 {CapaJr resigns} 0-1

[Event "ICS rated standard match"]
[Site "204.178.125.65"]
[Date "2000.12.21"]
[Round "?"]
[White "Hossa"]
[Black "Emit-Flesti"]
[Result "1-0"]
[WhiteElo "2357"]
[BlackElo "2047"]
[PlyCount "39"]
[EventDate "2000.??.??"]

1. e4 c5 2. c3 Nf6 3. e5 Nd5 4. d4 cxd4 5. Nf3 d6 6. Qxd4 e6 7. exd6 Nc6 8. Bb5
Bd7 9. Bxc6 Bxc6 10. O-O Qf6 11. Rd1 Qxd4 12. Nxd4 Rc8 13. c4 Nf6 14. c5 Bd5
15. b4 b6 16. Nb5 bxc5 17. Nc7+ Kd7 18. bxc5 Kc6 19. Be3 Ng4 20. Bd4 {
Emit-Flesti resigns} 1-0

[Event "ICS rated blitz match"]
[Site "204.178.125.65"]
[Date "2000.12.21"]
[Round "?"]
[White "Hossa"]
[Black "mountsugar"]
[Result "1-0"]
[WhiteElo "2481"]
[BlackElo "2270"]
[PlyCount "59"]
[EventDate "2000.??.??"]

1. e4 e6 2. d4 d5 3. e5 c5 4. c3 Nc6 5. Nf3 Bd7 6. dxc5 Bxc5 7. b4 Bb6 8. b5
Na5 9. Be2 Ne7 10. O-O Rc8 11. a4 Nc4 12. Nbd2 Nxd2 13. Bxd2 O-O 14. c4 dxc4
15. Rc1 a6 16. bxa6 bxa6 17. Bxc4 Nd5 18. Qb3 a5 19. Bg5 f6 20. Bxd5 exd5 21.
Qxd5+ Kh8 22. exf6 gxf6 23. Bh6 Rg8 24. Ne5 Be8 25. Nf7+ Bxf7 26. Qxf7 Rxc1 27.
Rxc1 Qd4 28. Be3 Qb2 29. Qb7 Re8 30. g3 {mountsugar resigns} 1-0

[Event "ICS rated blitz match"]
[Site "204.178.125.65"]
[Date "2000.12.21"]
[Round "?"]
[White "mountsugar"]
[Black "Hossa"]
[Result "0-1"]
[WhiteElo "2263"]
[BlackElo "2488"]
[PlyCount "62"]
[EventDate "2000.??.??"]

1. Nf3 Nf6 2. g3 d5 3. Bg2 c5 4. O-O Nc6 5. d4 cxd4 6. Nxd4 e5 7. Nxc6 bxc6 8.
c4 Bc5 9. Nc3 Be6 10. cxd5 cxd5 11. Bg5 Bd4 12. e3 Bxc3 13. bxc3 O-O 14. Qa4 h6
15. Bxf6 Qxf6 16. Rfd1 Rfb8 17. Bxd5 Rb2 18. f4 Bxd5 19. Rxd5 exf4 20. Qxf4
Qxc3 21. Rf1 f6 22. Rd7 Qc6 23. Qf3 Qxf3 24. Rxf3 Rxa2 25. Rf2 Rxf2 26. Kxf2 a5
27. Ke2 a4 28. Rd2 a3 29. Ra2 Kf7 30. Kd3 Ke6 31. Kc3 Kf5 {mountsugar resigns}
0-1

[Event "ICS rated blitz match"]
[Site "204.178.125.65"]
[Date "2000.12.21"]
[Round "?"]
[White "Hossa"]
[Black "monsoon"]
[Result "1-0"]
[WhiteElo "2495"]
[BlackElo "2352"]
[PlyCount "120"]
[EventDate "2000.??.??"]

1. e4 g6 2. d4 Bg7 3. c4 d6 4. Nc3 c6 5. Nf3 Bg4 6. Be3 Bxf3 7. Qxf3 Nd7 8. Be2
e5 9. d5 Ne7 10. O-O O-O 11. Rfd1 cxd5 12. Nxd5 Nxd5 13. Rxd5 Nb6 14. Rb5 Rc8
15. Bxb6 axb6 16. Re1 Rc6 17. Rd5 Qg5 18. Qd3 Rd8 19. Rd1 Qh4 20. Qf3 Ra8 21.
a3 Rd8 22. b4 Qe7 23. Qh3 Qf6 24. a4 Qf4 25. Qd3 Bf8 26. g3 Qf6 27. Bg4 Qg5 28.
Bh3 Qh5 29. Bf1 Rdc8 30. Qe2 Qg5 31. Qf3 Ra8 32. Ra1 Be7 33. Be2 Rc7 34. Qd3
Qh6 35. Bg4 Qg5 36. f3 h5 37. h4 Qf6 38. Bh3 g5 39. hxg5 Qxg5 40. f4 Qg7 41. f5
h4 42. Ra2 hxg3 43. Ra3 Rd8 44. Bf1 Bh4 45. Rxd6 Rxd6 46. Qxd6 Rc6 47. Qd7 Qf8
48. Qxb7 Rh6 49. Rb3 Qd8 50. Qd5 Qc7 51. a5 bxa5 52. bxa5 Rc6 53. Rb5 Bg5 54.
Qxe5 Qxe5 55. Rxe5 Be3+ 56. Kg2 Bf2 57. Be2 Kf8 58. Rb5 Rh6 59. Bd3 Rd6 60. Rb3
Ra6 {monsoon resigns} 1-0

[Event "ICS rated blitz match"]
[Site "204.178.125.65"]
[Date "2000.12.21"]
[Round "?"]
[White "PostModernist"]
[Black "Hossa"]
[Result "1-0"]
[WhiteElo "2651"]
[BlackElo "2514"]
[PlyCount "109"]
[EventDate "2000.??.??"]

1. e4 c5 2. c3 d5 3. exd5 Qxd5 4. d4 Nc6 5. dxc5 Qxd1+ 6. Kxd1 Nf6 7. Bb5 e5 8.
Bxc6+ bxc6 9. b4 Bf5 10. Ke1 Nd5 11. Bd2 Bd3 12. Ne2 Be7 13. Na3 O-O 14. Nc1 e4
15. c4 Bf6 16. cxd5 Bxa1 17. dxc6 Rfe8 18. Nb3 Bb2 19. Bc1 a5 20. Bxb2 axb4 21.
Bc1 bxa3 22. Bf4 Ra4 23. Kd2 Rc4 24. Rc1 Rxc1 25. Nxc1 Bf1 26. g3 Rc8 27. c7 g6
28. Kc3 g5 29. Bd6 Kg7 30. Nb3 Ra8 31. Nd2 Bd3 32. f3 f5 33. Kd4 Rc8 34. fxe4
fxe4 35. Nxe4 Bb1 36. Nc3 Bf5 37. c6 Kf6 38. Bxa3 Ke6 39. Nb5 Bb1 40. Bd6 Ra8
41. Be5 Bf5 42. Nd6 Ra4+ 43. Kc5 Kxe5 44. Nxf5 Ra8 45. Ne7 Ra5+ 46. Kb4 Rxa2
47. c8=Q Rb2+ 48. Kc3 Rb1 49. Qf5+ Kd6 50. Qxb1 Kxe7 51. Qxh7+ Kf6 52. c7 g4
53. c8=Q Ke5 54. Qe7+ Kd5 55. Qee6# {Hossa checkmated} 1-0

[Event "ICS rated blitz match"]
[Site "204.178.125.65"]
[Date "2000.12.21"]
[Round "?"]
[White "Hossa"]
[Black "A-Yasseen"]
[Result "0-1"]
[WhiteElo "2504"]
[BlackElo "2242"]
[PlyCount "106"]
[EventDate "2000.??.??"]

1. e4 c5 2. Nf3 d6 3. d4 cxd4 4. Nxd4 Nf6 5. Nc3 Nc6 6. Bg5 Bd7 7. Be2 a6 8.
O-O e6 9. Nb3 Qc7 10. Bxf6 gxf6 11. Qd2 h5 12. a3 O-O-O 13. Qe3 Kb8 14. f4 Be7
15. a4 h4 16. Rf2 Rdg8 17. Nd5 exd5 18. exd5 Ne5 19. fxe5 dxe5 20. Bd3 h3 21.
g3 Rg5 22. c4 f5 23. Raf1 f4 24. Rxf4 exf4 25. Qxe7 Rhg8 26. Bh7 R8g7 27. Nc5
Bc8 28. Qxc7+ Kxc7 29. d6+ Kc6 30. d7 Bxd7 31. Nxd7 Kxd7 32. Be4 fxg3 33. Bxb7
g2 34. Rd1+ Kc7 35. Bxa6 Re5 36. b4 f5 37. Kf2 Rge7 38. c5 Re1 39. Rxe1 Rxe1
40. Kxe1 g1=Q+ 41. Bf1 Qxh2 42. b5 Qg3+ 43. Kd2 h2 44. b6+ Kb8 45. c6 h1=Q 46.
c7+ Kb7 47. c8=Q+ Kxc8 48. Ba6+ Kb8 49. Bd3 Qhe1+ 50. Kc2 Qge3 51. a5 Q1c1+ 52.
Kb3 Qxd3+ 53. Ka2 Qcb1# {Hossa checkmated} 0-1

[Event "ICS unrated blitz match"]
[Site "204.178.125.65"]
[Date "2000.12.21"]
[Round "?"]
[White "diep"]
[Black "Hossa"]
[Result "1-0"]
[WhiteElo "2779"]
[BlackElo "2478"]
[PlyCount "113"]
[EventDate "2000.??.??"]

1. d4 Nf6 2. c4 e6 3. Nc3 Bb4 4. Qc2 O-O 5. a3 Bxc3+ 6. Qxc3 b6 7. Bg5 Bb7 8.
f3 h6 9. Bh4 d5 10. e3 Nbd7 11. Nh3 c5 12. cxd5 Nxd5 13. Bxd8 Nxc3 14. Be7 Rfe8
15. Bh4 Nd5 16. Bb5 g5 17. dxc5 gxh4 18. Bxd7 Re7 19. c6 Ba6 20. O-O-O Nxe3 21.
Rd4 Kf8 22. Re1 Nd5 23. Nf4 Nf6 24. Nd3 h3 25. g3 Kg7 26. Rd1 h5 27. Rd2 Kh8
28. Ne5 Kg7 29. Rh4 Bf1 30. Rd1 Be2 31. Rdd4 Bf1 32. Kd2 Bg2 33. Ke2 b5 34. b4
a6 35. Kf2 Ra7 36. Bc8 Rec7 37. Rd7 a5 38. bxa5 Nd5 39. a6 Kg8 40. Rxh5 Nf6 41.
Rh6 Nd5 42. Nxf7 Nb6 43. Ne5 Nxc8 44. Rxe6 Rxd7 45. cxd7 Rxd7 46. Re8+ Kg7 47.
Nxd7 Na7 48. Re7+ Kh6 49. Nf8 Nc8 50. Rc7 b4 51. Rxc8 b3 52. a7 Kg7 53. a8=Q
Bxf3 54. Qxf3 b2 55. Rc7+ Kh6 56. Qf6+ Kh5 57. Qg6# {Hossa checkmated} 1-0

[Event "ICS rated standard match"]
[Site "204.178.125.65"]
[Date "2000.12.21"]
[Round "?"]
[White "diep"]
[Black "Hossa"]
[Result "1-0"]
[WhiteElo "2476"]
[BlackElo "2362"]
[PlyCount "77"]
[EventDate "2000.??.??"]

1. g3 g6 2. Bg2 Nf6 3. e4 d6 4. d4 Bg7 5. Ne2 O-O 6. O-O e5 7. c4 Na6 8. dxe5
dxe5 9. Nbc3 Be6 10. b3 Qe7 11. Nd5 Nxd5 12. cxd5 Bd7 13. Be3 f5 14. Rc1 fxe4
15. Nc3 Bf5 16. Nxe4 Bxe4 17. Bxe4 Qd7 18. h4 Rf6 19. h5 Rd6 20. Kg2 Nb4 21.
Bc5 Rxd5 22. Qf3 Rxc5 23. Rxc5 Rf8 24. Qe2 b6 25. Rc4 c5 26. hxg6 h6 27. Rd1
Qc8 28. Rd6 b5 29. Rc1 Qc7 30. Qd2 Qc8 31. Rd7 Kh8 32. Rh1 Rxf2+ 33. Kxf2 Qf8+
34. Kg1 Qf4 35. gxf4 Nc6 36. Rd8+ Bf8 37. Rxf8+ Kg7 38. Qd7+ Kxf8 39. Qf7# {
Hossa checkmated} 1-0

[Event "ICS rated blitz match"]
[Site "204.178.125.65"]
[Date "2000.12.21"]
[Round "?"]
[White "Hossa"]
[Black "K-Asrian"]
[Result "1/2-1/2"]
[WhiteElo "2478"]
[BlackElo "2509"]
[PlyCount "177"]
[EventDate "2000.??.??"]

1. d4 d5 2. Nf3 Nf6 3. e3 c6 4. c4 Bf5 5. cxd5 cxd5 6. Bb5+ Nc6 7. Ne5 Qb6 8.
Nc3 e6 9. g4 Bg6 10. Qa4 Rc8 11. Bxc6+ bxc6 12. g5 Nd7 13. Nxg6 hxg6 14. f4 Be7
15. Bd2 c5 16. Qb5 cxd4 17. Qxb6 Nxb6 18. exd4 Nc4 19. Rb1 Rh3 20. Ke2 Kd7 21.
Be1 Re3+ 22. Kf2 Rd3 23. Ne2 Nd6 24. Ba5 Ne4+ 25. Ke1 Rc2 26. h4 Re3 27. Rh2
Bd6 28. Kd1 Rc4 29. a3 Rd3+ 30. Ke1 Rc2 31. Rg2 Rh3 32. Kd1 Rc4 33. Rg1 Rxh4
34. Rf1 Rh3 35. Bc3 Bxa3 36. Ra1 Bd6 37. Rxa7+ Rc7 38. Rxc7+ Bxc7 39. Be1 Rd3+
40. Kc2 Re3 41. Ng1 Nd6 42. Bc3 Nf5 43. Rf2 Re4 44. Ne2 Ne3+ 45. Kd3 Nf5 46.
Rf3 Nh4 47. Rf1 f6 48. b4 Nf5 49. gxf6 gxf6 50. Rf3 g5 51. fxg5 fxg5 52. Rf2 g4
53. Rg2 Re3+ 54. Kd2 g3 55. Rg1 Rf3 56. Bb2 Nd6 57. Kc2 Ne4 58. b5 Re3 59. Rg2
Rf3 60. Rg1 Rf2 61. Kd3 g2 62. b6 Bxb6 63. Bc1 Bc7 64. Be3 Bh2 65. Bxf2 Nxf2+
66. Ke3 Bxg1 67. Nxg1 Ne4 68. Kf3 Kc6 69. Kxg2 Kb5 70. Nf3 Kc4 71. Kh3 Kd3 72.
Kh2 Ke3 73. Kg2 Kd3 74. Kh2 Ke2 75. Ne5 Ke3 76. Nc6 Ng5 77. Kg3 Nf3 78. Kg4
Nxd4 79. Ne5 Nf5 80. Kg5 Ke4 81. Kf6 Nd4 82. Nd7 Kf4 83. Nf8 Ke3 84. Nd7 Nf3
85. Kxe6 d4 86. Kd5 d3 87. Nb6 Ke2 88. Nc4 d2 89. Nxd2 {
Game drawn because neither player has mating material} 1/2-1/2

[Event "ICS rated standard match"]
[Site "204.178.125.65"]
[Date "2000.12.21"]
[Round "?"]
[White "Hossa"]
[Black "diep"]
[Result "1/2-1/2"]
[WhiteElo "2351"]
[BlackElo "2487"]
[PlyCount "164"]
[EventDate "2000.??.??"]

1. d4 Nf6 2. c4 e6 3. Nc3 Bb4 4. Qc2 O-O 5. a3 Bxc3+ 6. Qxc3 b6 7. Bg5 Bb7 8.
f3 h6 9. Bh4 d5 10. e3 Nbd7 11. Nh3 c5 12. cxd5 Nxd5 13. Bxd8 Nxc3 14. Be7 Rfe8
15. Bh4 Nd5 16. Bb5 g5 17. dxc5 gxh4 18. Bxd7 Re7 19. c6 Bc8 20. Bxc8 Rxc8 21.
e4 Nf6 22. Rc1 Rec7 23. Nf4 Kf8 24. Kd2 Rxc6 25. Rxc6 Rxc6 26. Rd1 Ke7 27. Nd3
Nd7 28. Ke2 Rc2+ 29. Rd2 Rc4 30. Ke3 a5 31. e5 b5 32. Ke2 Nb6 33. Kf2 Nd5 34.
Ne1 Rc1 35. Rc2 Rd1 36. h3 b4 37. Ke2 Rb1 38. axb4 Nxb4 39. Rd2 a4 40. Nd3 Nxd3
41. Kxd3 Ra1 42. Re2 a3 43. bxa3 Rxa3+ 44. Ke4 f5+ 45. exf6+ Kxf6 46. Rb2 Ra4+
47. Kd3 Ke5 48. Kc3 Kf4 49. Rb7 Kg3 50. Rg7+ Kh2 51. Kb3 Ra5 52. Rg6 h5 53. Kc4
Ra2 54. Kd3 Rxg2 55. Rxe6 Kxh3 56. Ke3 Rg1 57. Kf2 Rg5 58. Rh6 Ra5 59. Rg6 Ra2+
60. Kg1 Ra1+ 61. Kf2 Kh2 62. Rg2+ Kh1 63. Rg5 h3 64. Rxh5 h2 65. f4 Ra2+ 66.
Kg3 Rg2+ 67. Kf3 Rg1 68. Rh8 Rd1 69. Kg4 Rf1 70. Kg3 Rxf4 71. Rh7 Rf5 72. Rxh2+
Kg1 73. Re2 Rf6 74. Kh3 Rf7 75. Kh4 Rf8 76. Kh5 Rf7 77. Kh6 Rf8 78. Kh7 Rf7+
79. Kh8 Rf8+ 80. Kg7 Rf1 81. Kh7 Rf2 82. Rxf2 Kxf2 {
Game drawn because neither player has mating material} 1/2-1/2

[Event "ICS rated standard match"]
[Site "204.178.125.65"]
[Date "2000.12.21"]
[Round "?"]
[White "Karol"]
[Black "Hossa"]
[Result "1-0"]
[WhiteElo "2341"]
[BlackElo "2357"]
[PlyCount "79"]
[EventDate "2000.??.??"]

1. e4 c5 2. Nf3 d6 3. d4 cxd4 4. Nxd4 Nf6 5. Nc3 g6 6. f3 Bg7 7. Be3 O-O 8. Qd2
Nc6 9. Bc4 Na5 10. Bb3 Nxb3 11. axb3 d5 12. e5 Ne8 13. Bh6 Qc7 14. Bxg7 Nxg7
15. Qe3 Rd8 16. Ndb5 Qd7 17. O-O-O Qc6 18. g4 Ne6 19. Nd4 Qc5 20. h4 Bd7 21. h5
gxh5 22. Rxh5 a5 23. Qh6 Nf8 24. Qg5+ Kh8 25. Rdh1 Qb6 26. Rh6 Qxd4 27. Rxh7+
Nxh7 28. Qh5 Qg1+ 29. Rxg1 Kg7 30. Rh1 Rh8 31. Qh6+ Kg8 32. Nxd5 f6 33. Qg6+
Kf8 34. Rxh7 Rxh7 35. Qxh7 Re8 36. Nf4 Bf5 37. Qh8+ Kf7 38. e6+ Bxe6 39. Qh7+
Kf8 40. Nxe6# {Hossa checkmated} 1-0

[Event "ICS Rated blitz match"]
[Site "204.178.125.65"]
[Date "2000.12.21"]
[Round "?"]
[White "karamela"]
[Black "Hossa"]
[Result "0-1"]
[WhiteElo "1931"]
[BlackElo "2479"]
[PlyCount "74"]
[EventDate "2000.??.??"]

1. e4 c5 2. Nf3 d6 3. d4 cxd4 4. Nxd4 Nf6 5. Nc3 Nc6 6. Be3 e6 7. f3 Be7 8. Qd2
O-O 9. Bc4 d5 10. exd5 Ne5 11. Bb3 Nxd5 12. Nxd5 exd5 13. O-O-O a6 14. h4 Nc4
15. Bxc4 dxc4 16. Bg5 Bd7 17. Bxe7 Qxe7 18. Qg5 Qxg5+ 19. hxg5 Rfe8 20. g4 Re5
21. f4 Ra5 22. f5 Rxa2 23. Kb1 Ra5 24. Rhe1 Rd5 25. c3 Ba4 26. Rd2 Re8 27.
Rxe8+ Bxe8 28. Re2 Bd7 29. Kc2 g6 30. Rf2 Kg7 31. b3 gxf5 32. gxf5 cxb3+ 33.
Kxb3 Rc5 34. Rf4 h5 35. Kb4 b6 36. c4 Bc8 37. Kc3 b5 {karamela resigns} 0-1

[Event "ICS rated blitz match"]
[Site "204.178.125.65"]
[Date "2000.12.21"]
[Round "?"]
[White "Hossa"]
[Black "karamela"]
[Result "1-0"]
[WhiteElo "2480"]
[BlackElo "1930"]
[PlyCount "37"]
[EventDate "2000.??.??"]

1. e4 e6 2. d4 c5 3. d5 exd5 4. exd5 d6 5. Nc3 g6 6. Nf3 Bg7 7. Bb5+ Bd7 8. O-O
Ne7 9. Bxd7+ Nxd7 10. Ne4 Nf6 11. Bh6 Bxh6 12. Nxf6+ Kf8 13. Ne4 Kg7 14. Re1
Nf5 15. Qd3 Re8 16. g4 Nh4 17. Qc3+ Kf8 18. Qh8+ Ke7 19. Nxc5+ {
karamela resigns} 1-0

[Event "ICS rated blitz match"]
[Site "204.178.125.65"]
[Date "2000.12.21"]
[Round "?"]
[White "karamela"]
[Black "Hossa"]
[Result "0-1"]
[WhiteElo "1918"]
[BlackElo "2481"]
[PlyCount "28"]
[EventDate "2000.??.??"]

1. e4 c5 2. Nf3 d6 3. d4 cxd4 4. Nxd4 Nf6 5. Nc3 Nc6 6. Be3 e6 7. f3 Be7 8. Qd2
O-O 9. O-O-O d5 10. exd5 Nxd5 11. Nxd5 exd5 12. Kb1 Re8 13. Nb3 Bf5 14. Qxd5
Bxc2+ {karamela resigns} 0-1

[Event "ICS rated blitz match"]
[Site "204.178.125.65"]
[Date "2000.12.21"]
[Round "?"]
[White "Hossa"]
[Black "Tomerhak"]
[Result "1-0"]
[WhiteElo "2482"]
[BlackElo "2092"]
[PlyCount "54"]
[EventDate "2000.??.??"]

1. e4 c5 2. Nf3 Nc6 3. d4 cxd4 4. Nxd4 Nf6 5. Nc3 e5 6. Ndb5 d6 7. Bg5 a6 8.
Na3 b5 9. Bxf6 gxf6 10. Nd5 Bg7 11. Bd3 Ne7 12. Nxe7 Qxe7 13. c3 f5 14. O-O Bb7
15. exf5 Qg5 16. g3 e4 17. Qe2 d5 18. Bxb5+ Kf8 19. Ba4 Qxf5 20. f3 Qe5 21. Nc2
h5 22. fxe4 dxe4 23. Qf2 Qe7 24. Rad1 h4 25. Rd7 hxg3 26. Qxf7+ Qxf7 27. Rfxf7+
Ke8 {Tomerhak resigns} 1-0

[Event "ICS Rated blitz match"]
[Site "204.178.125.65"]
[Date "2000.12.21"]
[Round "?"]
[White "Hossa"]
[Black "K-Asrian"]
[Result "1/2-1/2"]
[WhiteElo "2485"]
[BlackElo "2501"]
[PlyCount "125"]
[EventDate "2000.??.??"]

1. e4 c5 2. Nf3 d6 3. Bb5+ Bd7 4. Bxd7+ Qxd7 5. c4 Nc6 6. d4 cxd4 7. Nxd4 Nf6
8. Nc3 g6 9. Nxc6 Qxc6 10. Qd4 Rc8 11. Be3 Bg7 12. f3 O-O 13. Qxa7 Qxc4 14. Rc1
Qb4 15. Qb6 Qxb6 16. Bxb6 d5 17. Rd1 dxe4 18. O-O exf3 19. gxf3 Rc6 20. Be3 e6
21. Rf2 h5 22. Rg2 Rcc8 23. Kf1 Rfd8 24. Rxd8+ Rxd8 25. Bg5 Rd7 26. Na4 Nd5 27.
Nc5 Rc7 28. Ne4 f5 29. Nd6 f4 30. Rd2 Rd7 31. Ne4 Ne3+ 32. Ke2 Rxd2+ 33. Kxd2
Bxb2 34. Bxf4 Nd5 35. Bg3 Ba3 36. Ng5 h4 37. Be5 Nb6 38. Bd4 Nc4+ 39. Kd3 e5
40. Kxc4 exd4 41. Kxd4 Bc1 42. Ne6 Kf7 43. Nd8+ Kf6 44. Nxb7 Kf5 45. Nc5 h3 46.
Nd3 Ba3 47. Kd5 g5 48. Kc6 g4 49. fxg4+ Kxg4 50. Ne5+ Kf4 51. Kd5 Kf5 52. Nf3
Kf4 53. Nd4 Bb4 54. a4 Bd2 55. Nb3 Be1 56. a5 Bxa5 57. Nxa5 Kf3 58. Kc6 Kg2 59.
Kd5 Kxh2 60. Nc4 Kg1 61. Ne5 h2 62. Nf3+ Kg2 63. Nxh2 {
Game drawn because neither player has mating material} 1/2-1/2

[Event "ICS rated blitz match"]
[Site "204.178.125.65"]
[Date "2000.12.21"]
[Round "?"]
[White "Ziryab"]
[Black "Hossa"]
[Result "0-1"]
[WhiteElo "1906"]
[BlackElo "2486"]
[PlyCount "56"]
[EventDate "2000.??.??"]

1. d4 Nf6 2. Bg5 Ne4 3. Bf4 d5 4. f3 Nd6 5. Nc3 e6 6. e4 c6 7. Bd3 Qb6 8. Nge2
Qxb2 9. O-O f6 10. Qe1 Nf7 11. Qg3 e5 12. dxe5 Bc5+ 13. Kh1 g5 14. exf6 gxf4
15. Qxf4 Bd6 16. Qh4 Be5 17. Rab1 Qa3 18. exd5 Bxc3 19. Rb3 Bxf6 20. Qxf6 Qd6
21. Qh4 cxd5 22. Nf4 Nc6 23. Re1+ Kf8 24. Bxh7 Bf5 25. Bxf5 Rxh4 26. Ng6+ Kg8
27. Nxh4 Qf6 28. g3 Nd4 {Ziryab resigns} 0-1

[Event "ICS rated blitz match"]
[Site "204.178.125.65"]
[Date "2000.12.21"]
[Round "?"]
[White "Hossa"]
[Black "Arbat"]
[Result "1/2-1/2"]
[WhiteElo "2487"]
[BlackElo "2061"]
[PlyCount "119"]
[EventDate "2000.??.??"]

1. d4 Nf6 2. c4 g6 3. Nc3 Bg7 4. g3 O-O 5. Bg2 c6 6. e4 d6 7. Nf3 Nbd7 8. O-O
e5 9. dxe5 dxe5 10. Qd6 Re8 11. Rd1 Qe7 12. Qxe7 Rxe7 13. b4 Nf8 14. Ba3 Bg4
15. b5 Ree8 16. bxc6 bxc6 17. Rd2 Bxf3 18. Bxf3 Ne6 19. Rb1 Nd4 20. Rd3 Rab8
21. Rxb8 Rxb8 22. Bd6 Nxf3+ 23. Rxf3 Re8 24. Bc5 a6 25. Rd3 Bf8 26. Bxf8 Kxf8
27. Rd6 Re6 28. Rxe6 fxe6 29. f3 Ke7 30. Na4 Kd6 31. c5+ Kc7 32. Nb2 Nd7 33.
Nd3 Kb7 34. Kg2 a5 35. a4 Kc7 36. h4 Kd8 37. Kf2 Kc7 38. Ke3 Kd8 39. Kd2 Kc7
40. Kc3 Kb7 41. Kc2 Kc7 42. Kb3 Kb7 43. Kc4 Ka6 44. g4 Kb7 45. Kc3 Ka6 46. Kb3
Kb7 47. g5 Ka6 48. Kc3 Kb7 49. Kc4 Ka6 50. Nf2 Kb7 51. Ng4 Kc7 52. Nh6 Kd8 53.
Nf7+ Kc7 54. Nd6 Kb8 55. Ne8 Kc8 56. Nd6+ Kc7 57. Ne8+ Kd8 58. Nd6 Kc7 59. Ne8+
Kd8 60. Nd6 {Game drawn by mutual agreement} 1/2-1/2

[Event "ICS rated blitz match"]
[Site "204.178.125.65"]
[Date "2000.12.21"]
[Round "?"]
[White "LeonidP"]
[Black "Hossa"]
[Result "0-1"]
[WhiteElo "1990"]
[BlackElo "2474"]
[PlyCount "58"]
[EventDate "2000.??.??"]

1. e4 e6 2. d4 d5 3. Nd2 a6 4. e5 c5 5. c3 cxd4 6. cxd4 Nc6 7. Nb3 Bb4+ 8. Bd2
Bxd2+ 9. Qxd2 Nh6 10. f4 b6 11. Bd3 Bd7 12. Ne2 Qh4+ 13. g3 Qg4 14. O-O a5 15.
a4 Nb4 16. Bb1 Rc8 17. Ra3 O-O 18. Na1 Nf5 19. Bxf5 Qxf5 20. Rc3 Bxa4 21. b3
Bd7 22. Rfc1 Rxc3 23. Rxc3 Bb5 24. Kf2 Qe4 25. Re3 Qh1 26. Nc2 Qxh2+ 27. Kf3
Nc6 28. Qe1 Rc8 29. Na3 Bxe2+ {LeonidP resigns} 0-1